000 00831cam a2200277 a 4500
001 000019729
003 DO-SdBNP
005 20240209095041.0
007 ta
008 240902s1916 sp 001 f spa d
040 _aDO-SdBNP
_bspa
_cBNPHU
_erda
082 _a863.62
_bU54t, 1916
_222
100 1 _aUnamuno, Miguel de,
_d1864-1936
_eautor
_96254
245 1 0 _aTres novelas ejemplares y un prólogo /
_cMiguel de Unamuno.
264 _aSan Juan, Puerto Rico :
_bDistribuidora de Libros,
_c1916
300 _a117 paginas ;
_c19 cm.
336 _2rdacontent
_atexto
_btxt
337 _2rdamedia
_asin mediación
_bn
338 _2rdacarrier
_avolumen
_bnc
590 _aInventariado, 2024/DG
650 4 _aNovela española
_91123
650 4 _aLiteratura española
_9632
830 _922386
910 _aDG
942 _2ddc
_cLBS1
999 _c55885
_d55885